[Event "RUS-ch U20"]
[Site "Ekaterinburg"]
[Date "1996.??.??"]
[Round "8"]
[White "Gelman, Alexander"]
[Black "Yemelin, Vasily"]
[Result "1/2-1/2"]
[WhiteElo "2390"]
[BlackElo "2495"]
[Annotator "Horn,Pe"]
[PlyCount "84"]
[EventDate "1996.??.??"]
[EventType "tourn"]
[EventRounds "11"]
[EventCountry "RUS"]
[EventCategory "8"]
[SourceTitle "CBM 054"]
[Source "ChessBase"]
[SourceDate "1996.10.01"]
[SourceVersion "1"]
[SourceVersionDate "1996.10.01"]
[SourceQuality "1"]

1. Nf3 Nf6 2. g3 d5 3. Bg2 Nbd7 4. O-O e5 5. d3 c6 6. Nbd2 Be7 7. b3 O-O 8. e4
{->B10} dxe4 9. dxe4 Qc7 10. Bb2 Re8 11. Ne1 $146 {[%cal Ye1d3]} (11. a4 $142
b6 12. Nc4 $14 {Platonov-Zaitsev/URS-ch/1969}) 11... Nc5 {Diesen Zug hat Weiß
erst durch Verringerung des Drucks gegen e5 ermöglicht.} 12. Nd3 (12. Rb1)
12... Nxd3 13. cxd3 {Die zentrale Bauernstruktur (e5 gegen d3+e4) ist aus der
Sizilianischen Verteidigung (mit vertauschten Farben) bekannt. Wichtig ist die
Kontrolle des Feldes d4. Weiß hat hier mehrere Pläne: Expansion am Damenflügel
(beginnend mit a3/b4), Auflösung des rückständigen Pd3 (d3-d4), Druck gegen e5
in Verbindung mit f2-f4.} Bg4 (13... Bc5 $5) 14. Qc2 {paßt in jeden Plan.} Rad8
{[%cal Rg4e2]} 15. Nc4 {[%csl Re5]} Bc5 $1 {Verhindert f2-f4 und erhöht den
Einfluß im Zentrum (d4).} (15... Nd7) 16. h3 Bh5 (16... Bc8 $5) 17. Rae1 Nd7 (
17... Bd4 $5 18. Bxd4 Rxd4 19. f4 exf4 20. gxf4 Red8 $132) 18. Kh1 {[%cal
Yf2f4]} Nf8 $6 (18... f6 {[%cal Yd7f8,Yf8e6]} 19. f4 b5 20. Nd2) 19. Nxe5 $2 (
19. f4 exf4 20. gxf4 Ne6 $17) (19. g4 $1 Bg6 20. Nxe5 Bb4 (20... Rxe5 21. Bxe5
Qxe5 22. f4 Qd6 23. f5 $16) 21. Nxg6 Bxe1 (21... Nxg6 22. Re3 Nf4 23. d4 $16)
22. Nxf8 Bb4 23. Nxh7 Kxh7 24. f4 $44) 19... Bb4 (19... Rxe5 20. f4 $18) 20. d4
(20. f4 Bxe1 21. Rxe1 Ne6 22. g4 $2 Nxf4 23. gxh5 Rxe5 $19) 20... Bxe1 21. Rxe1
Ne6 22. Qc4 f6 23. Ng4 b5 24. Qc1 Nxd4 $2 (24... Bxg4 25. hxg4 (25. d5 cxd5 $19
) 25... Nxd4 $19) 25. Bxd4 (25. Qc5 Bxg4 26. Bxd4 Be6 $19) 25... Rxd4 26. Qc5
Rd5 27. exd5 Rxe1+ 28. Kh2 Bxg4 29. hxg4 Qb6 30. Qd6 (30. Qxb6 axb6 31. dxc6
Kf8 $19) 30... c5 (30... Qxf2 31. dxc6 $15) 31. Qd7 Qb8 32. d6 $1 Re8 (32...
Kh8 33. Bc6) 33. Bc6 Rd8 34. Qe6+ Kh8 35. d7 Rf8 36. Qd5 c4 37. bxc4 bxc4 38.
Qxc4 Qd6 39. Qe4 g6 40. Kg2 Kg7 41. a4 Rb8 42. Kh3 Rb2 1/2-1/2

[Event "Solin 8th"]
[Site "Solin/Split"]
[Date "2000.12.11"]
[Round "3"]
[White "Dizdarevic, Emir"]
[Black "Hauchard, Arnaud"]
[Result "0-1"]
[WhiteElo "2527"]
[BlackElo "2539"]
[Annotator "Horn,Pe"]
[PlyCount "78"]
[EventDate "2000.12.09"]
[EventType "tourn"]
[EventRounds "9"]
[EventCountry "CRO"]
[EventCategory "12"]
[SourceTitle "CBM 081"]
[Source "ChessBase"]
[SourceDate "2001.03.20"]
[SourceVersion "1"]
[SourceVersionDate "2001.03.20"]
[SourceQuality "1"]

1. Nf3 Nf6 2. g3 d5 3. Bg2 Bf5 4. O-O e6 5. c4 c6 6. b3 Nbd7 7. d3 h6 8. Bb2
Bh7 9. Nbd2 Be7 10. a3 O-O ({Üblicherweise unterbindet Schwarz mit} 10... a5 {
die Expansion am Damenflügel.}) 11. b4 Re8 ({Karpov spielte hier} 11... a5 12.
Qb3 axb4 13. axb4 Qb6 14. Bc3 Rfc8 15. Qb2 Bf8 16. h3 Qd8 17. Ra5 Rxa5 18. bxa5
b6 19. axb6 Qxb6 $11 {Panno,O-Karpov,A/Madrid 1973}) 12. Re1 a5 13. Bc3 (13.
Qb3) 13... c5 14. bxc5 (14. b5 $6 d4 {[%cal Ye6e5]}) 14... Bxc5 15. Qb3 (15. d4
$6 {[%csl Gh7]}) 15... b6 16. Qb2 Bf8 17. Ne5 Nxe5 18. Bxe5 Nd7 $5 {Schwarz
gibt einen (Zentral-)Bauern für aktives Figurenspiel.} (18... Ng4 19. Bd4 Bc5
20. h3 Bxd4 21. Qxd4 Nf6 22. Rab1 $36) 19. cxd5 {nimmt die Herausforderung an.}
(19. Bc3 Nc5 20. Bd4 $14) 19... Nxe5 20. Qxe5 (20. dxe6 $2 {geht nicht:} Rxe6
21. Bxa8 Qxa8 $17) 20... Rc8 21. dxe6 Rxe6 {So hatte Schwarz sich das
vorgestellt: alle seine Figuren sind sehr wirksam aufgestellt, zudem verfügt
er über das Läuferpaar. Der weiße Mehrbauer spielt noch keine sonderlich
aktive Rolle, aber es ist immerhin ein Mehrbauer.} 22. Qb2 ({Weiß hatte hier
die Wahl:} 22. Qd5 $5) 22... Bf5 {Auch Schwarz hatte hier manche Alternative;
es wäre verständlich, wenn die Kontrahenten in dieser Phase viel Zeit
verbraucht hätten.} 23. Ne4 ({Auch} 23. Nf3 {führt zu schwer zu beurteilenden
Konsequenzen.}) 23... h5 $6 {Schwarz träumt von einem Angriff in der h-Linie.}
(23... Rec6 {finde ich logisch; wenn Weiß sich auf die Tauschserie} 24. Rac1
Rxc1 25. Rxc1 Rxc1+ 26. Qxc1 {einläßt, sehe ich nicht, wie er nach} Qd4 {
seinen Pa3 behaupten will.}) 24. h4 {Schiebt dem einen Riegel vor.} (24. Rac1)
(24. Rec1) 24... Be7 25. Rac1 Rxc1 26. Rxc1 $1 (26. Qxc1 {hielt den Bauern
fest.}) 26... Qf8 27. Qb5 Bxa3 28. Rc7 $16 {Nun hat sich der Charakter der
Stellung wieder völlig verändert: Weiß hat die besser postierten Figuren (für
die Rückgabe des P).} Bxe4 {Eine vernünftige Entscheidung: der Bf5 war sicher
nicht besser als der Ne4.} 29. Bxe4 Bc5 30. e3 {[%csl Gc7] Auch die ungleichen
Läufer ändern hier nichts am weißen Übergewicht.} g6 (30... Re7 31. Rc6 $5 $16)
31. Bd5 Rf6 (31... Re7 32. Rc6 $16) 32. d4 Bb4 33. Ra7 $2 {Hier könnte dem
Weißen die Zeit knapp geworden sein.} ({Anscheinend konnte er hier die
Entscheidung herbeiführen:} 33. e4 $1 Be1 $8 34. e5 $1 Bxf2+ 35. Kg2 Rf5 36.
Qd7 Kg7 37. Be4 $18 Qa3 {rettet auch nicht mehr:} 38. Bxf5 Qxg3+ 39. Kf1 Qg1+
40. Ke2 Qe1+ 41. Kd3 Qb1+ 42. Kd2 {und der K entfleucht. Mit knapper Zeit war
das aber nicht einfach zu sehen.}) 33... Kg7 34. Ra8 Qe7 {Es ist ganz klar,
daß der weiße R auf a7 besser stand.} 35. Rc8 Be1 36. Rc2 Qd6 $2 ({Die
imposante weiße Bauernkette konnte hier vernichtet werden:} 36... Bxf2+ 37.
Rxf2 Qxe3 38. Qf1 Qxg3+ 39. Bg2 Qxh4 {und mit den 4 Bauern ist Schwarz
reichlich entschädigt.}) 37. Kg2 Bb4 $2 38. Be4 $2 (38. e4 $18) 38... Qe6 39.
Qd3 Qd7 $11 {Hier könnte das Blättchen gefallen sein; ansonsten sehe ich hier
keinen schwarzen Gewinn.} 0-1

[Event "Hamburg-ch int"]
[Site "Hamburg"]
[Date "1999.05.25"]
[Round "4.4"]
[White "Urban, Klaudiusz"]
[Black "Mueller, Karsten"]
[Result "1-0"]
[WhiteElo "2444"]
[BlackElo "2558"]
[Annotator "Horn,Pe"]
[PlyCount "81"]
[EventDate "1999.05.22"]
[EventType "swiss"]
[EventRounds "9"]
[EventCountry "GER"]
[SourceTitle "CBM 072"]
[Source "ChessBase"]
[SourceDate "1999.10.01"]
[SourceVersion "1"]
[SourceVersionDate "1999.10.01"]
[SourceQuality "1"]

1. Nf3 d5 2. g3 c6 3. Bg2 Bg4 4. O-O Nd7 5. d3 Ngf6 6. h3 Bxf3 7. Bxf3 e5 8. c4
dxc4 9. dxc4 Bc5 10. Nc3 O-O 11. Qc2 (11. Na4 Be7 12. Be3 Qc7 13. Qc2 Rfe8 14.
Rfd1 h6 15. a3 Red8 16. Bg2 Nh7 17. h4 Nhf6 18. Bh3 b6 19. Rd2 Nf8 20. Rad1 $14
{Hargens,T-Federau,J/BL2-N 1994}) 11... h6 $146 ({Besser gefällt mir} 11... Qe7
{[%cal Re7e6]} 12. Kh2 (12. Bg5 {ist nicht zu fürchten:} h6 13. Bxf6 Nxf6 $11)
12... Rfe8 13. Bg5 (13. Ne4 $5) 13... h6 14. Bxf6 Nxf6 $11 {Petrosian,
T-Portisch,L/Milano 1975}) 12. Ne4 Nxe4 13. Bxe4 Nf6 14. Bg2 Qe7 15. Bd2 $14
Rad8 (15... e4 $5 16. e3 (16. Bc3 e3) 16... Bd6 17. Bc3 Be5) 16. Rad1 Rfe8 17.
e3 Rd7 18. a3 Qe6 (18... Bd6) 19. b4 Bf8 20. Bc1 Red8 21. Bb2 Rxd1 22. Rxd1
Rxd1+ 23. Qxd1 Qxc4 {Die Öffnung der Stellung kommt dem Läuferpaar zugute.} (
23... Bd6 24. b5 $14) 24. Bxe5 Nd5 25. Qb1 Qe2 26. Bd4 a6 27. Qf5 Qe1+ 28. Kh2
Nc3 29. h4 Nd1 $2 (29... Ne2 30. Be5 $14) 30. Qc8 Nxf2 31. Bc5 h5 (31... Kh7
32. Bxf8 Qe2 33. Qf5+ Kg8 34. Bc5 Ng4+ 35. Kg1 Qe1+ 36. Qf1 Qxg3 37. Qf4 $18)
32. Qxf8+ Kh7 33. e4 Ng4+ 34. Kh3 f6 35. Qf7 Kh6 36. Qxb7 Qe2 37. Qxc6 Ne5 38.
Qc8 Nd3 39. Qf5 Ne1 40. Bf1 Qf3 41. Qxf3 1-0

[Event "Rimavska Sobota"]
[Site "Rimavska Sobota"]
[Date "1991.??.??"]
[Round "11"]
[White "Poley, Vladimir"]
[Black "Lputian, Smbat G"]
[Result "1/2-1/2"]
[WhiteElo "2445"]
[BlackElo "2565"]
[Annotator "Horn,Pe"]
[PlyCount "70"]
[EventDate "1991.05.??"]
[EventType "tourn"]
[EventRounds "13"]
[EventCountry "CSR"]
[EventCategory "9"]
[SourceTitle "CBM 024"]
[Source "ChessBase"]
[SourceDate "1991.10.01"]
[SourceVersion "1"]
[SourceVersionDate "1991.10.01"]
[SourceQuality "1"]

1. Nf3 d5 2. g3 c6 3. Bg2 Nf6 4. O-O Bg4 5. Ne5 Bh5 6. c4 (6. d4 {/\ Nd3 ist
die spannendere Fortsetzung}) 6... Nbd7 7. Nxd7 Qxd7 8. cxd5 {Weiß scheint
einem Remis nicht abgeneigt und strebt klare und einfache Strukturen an.} cxd5
9. d4 $10 e6 10. Nc3 Bb4 11. Bg5 O-O 12. Rc1 Rfc8 13. Bxf6 gxf6 14. Qd2 Kg7 15.
f4 f5 16. Bf3 Bg6 17. Rc2 Bxc3 18. Rxc3 Rxc3 19. bxc3 Rc8 20. Rb1 b6 21. e3 f6
22. Be2 Be8 23. Ba6 Rc7 24. Rb4 Qc6 25. Bb5 Qa8 26. Ba6 Bh5 27. Kf2 Qc6 28. Rb3
Be8 29. Bb5 Qa8 30. Ba6 Ba4 31. Rb4 Qe8 32. Qd3 Bc6 33. Ke1 Qh5 34. Qe2 Qe8 35.
Kd2 Kh8 1/2-1/2

[Event "Hastings 0001 76th"]
[Site "Hastings"]
[Date "2001.01.06"]
[Round "9"]
[White "Aronian, Levon"]
[Black "Plaskett, H James"]
[Result "1-0"]
[WhiteElo "2551"]
[BlackElo "2525"]
[Annotator "Horn,Pe"]
[PlyCount "89"]
[EventDate "2000.12.29"]
[EventType "tourn"]
[EventRounds "9"]
[EventCountry "ENG"]
[EventCategory "12"]
[SourceTitle "CBM 081"]
[Source "ChessBase"]
[SourceDate "2001.03.20"]
[SourceVersion "1"]
[SourceVersionDate "2001.03.20"]
[SourceQuality "1"]

1. Nf3 Nf6 2. g3 d5 3. Bg2 c6 4. O-O Bf5 5. d3 e6 6. Nbd2 Be7 7. Qe1 h6 8. e4
Bh7 9. Ne5 {Eine Spezialität von Vaganian.} ({Die meistgespielten Züge sind
hier} 9. Qe2) ({und} 9. b3) 9... c5 $146 ({Üblich ist} 9... Nbd7 10. Nxd7 {
Der Tausch kostet zwar Zeit, aber Weiß muß eh Zeit verlieren, um den Pf2 in
Gang zu setzen.} Nxd7 11. f4 O-O (11... dxe4 12. dxe4 O-O 13. Kh1 Nc5 (13... a5
14. g4 f5 15. gxf5 exf5 16. e5 Nc5 17. Nf3 Ne6 18. Be3 Qe8 19. Rg1 $14 {
Aronian,L-Delgado Crespo,M/Linares 2000}) 14. Qe2 (14. g4 $5) 14... a5 15. Nc4
b5 16. Ne5 Qc7 17. Nd3 Nxd3 18. cxd3 c5 19. Be3 Rac8 $11 {Vaganian,R-Karpov,A/
Moscow 1993}) 12. Kh1 {[%cal Yg3g4] Weiß schützt den K vor Belästigungen auf
der Diagonale und bereitet Aktionen auf der g-Linie vor (Start mit g3-g4).
Mitunter wird der Rf1 auf g1 landen.} (12. Qe2 a5 13. Kh1 a4 14. f5 dxe4 15.
dxe4 exf5 16. exf5 Re8 $132 {Nasir Ali,S-Hartston,W/Delhi 1982}) 12... a5 (
12... Bc5 13. g4 a5 14. a4 Re8 15. Qg3 dxe4 16. Nxe4 Bxe4 17. Bxe4 Nf6 18. Bg2
$14 {Vaganian,R-Short,N/Luzern 1985}) (12... Kh8 13. g4 dxe4 14. Nxe4 f5 15.
Ng3 Bg8 16. Qe2 fxg4 17. Qxg4 Nf6 18. Qh3 Nd5 19. Bd2 Bd6 20. Nh5 $13 {
Vaganian,R-Thorhallsson,T/New York 1997}) 13. g4 a4 14. f5 (14. a3 Bh4 15. Qe2
dxe4 16. dxe4 Nc5 17. Nc4 b5 18. Ne5 Qc7 19. g5 Bxg5 20. fxg5 Qxe5 21. Bf4 Qxb2
22. Bd6 Qc3 23. gxh6 $40 {Vaganian,R-Comp Centaur/The Hague 1996}) 14... a3 15.
b3 Re8 16. Rb1 exf5 17. gxf5 Qa5 18. exd5 cxd5 19. Qg3 Bb4 20. Nf3 Kh8 21. f6
$40 {Vaganian,R-Sveshnikov,E/Sochi 1980}) (9... O-O {kommt den Absichten des
Weißen nur entgegen:} 10. f4 $14) 10. f4 Nc6 11. Nxc6 bxc6 {Die Unterschiede
zu 9..Nbd7: Die schwarze Bauernstruktur am Damenflügel ist radikal anders und
Weiß muß etwas Zeit verlieren, um Pg4 durchzusetzen. Am wichtigsten ist
vielleicht, daß Schwarz noch nicht rochiert hat.} 12. Kh1 {Der Standardzug ist
in jedem Fall nützlich.} a5 13. Qe2 {[%cal Yg3g4] Damit kommt der
Bauernvorstoß doch wieder ins Spiel.} a4 {[%cal Ya4a3]} 14. a3 Qc7 15. g4 {
Aronian bleibt auch hier seinem Standard treu, obwohl hier größere Risiken
vorhanden sind als mit einem Kg8.} h5 $6 {Eine radikale Entscheidung: Plaskett
versucht die Gegenüberstellung von Rh8 und Kh1 zu nutzen. Es bleibt aber die
Frage, ob er nicht zuviel von der Stellung verlangt.} 16. g5 $8 Ng4 ({
Halbherzig wäre} 16... Nd7 17. Qxh5 $16) 17. Nf3 {Nimmt dem schwarzen
Gegenspiel den Wind aus den Segeln.} ({Das direkte} 17. h3 $2 {wäre Plaskett
recht gewesen:} Bxg5 18. exd5 (18. hxg4 hxg4 $17) 18... Bxf4 $1 19. dxe6 Bxd2
$40) 17... f6 18. exd5 ({Hier kam} 18. h3 {schon eher in Betracht; es ist mir
nicht klar, was Plaskett beabsichtigt hatte.} fxg5 ({bei einem passiven Zug wie
} 18... Rb8 {kann schon} 19. hxg4 hxg4 20. Nh2 $1 {folgen, z.B.:} (20. Ne1 $2
Bxe4+ 21. Kg1 Bf5 $44) 20... g3 21. Qh5+ Kd7 22. g6 Bxg6 23. Qxg6 Rxh2+ 24. Kg1
) 19. fxg5 ({Selbst} 19. hxg4 hxg4 20. Ne5 gxf4 21. Nxg4 {sieht gar nicht so
schlecht aus.}) 19... Bg6 (19... dxe4 20. dxe4 Bd6 21. e5 $1) (19... c4 20.
hxg4 hxg4 21. Nh2) 20. exd5 exd5 21. Kg1 {und Weiß hat (wie in der
Partiefortsetzung) alle Chancen.}) 18... exd5 19. Re1 (19. h3 {s.o.}) 19... Kd8
(19... fxg5 20. Nxg5 $40 Bf5 21. Ne6 Bxe6 22. Qxe6) 20. h3 fxg5 21. Kg1 (21.
fxg5 Bd6 22. Qe6 $16 {[%cal Rg5g6] gefällt mir (auch) sehr gut, z.B.:} Bxd3 23.
cxd3 Nf2+ 24. Kg1 Nxd3 25. Re2) (21. hxg4 $2 {kommt dagegen garnicht in Frage:}
hxg4 $17) 21... Nh6 (21... Nf6 22. fxg5 Ne8 23. g6 $1 Bg8 24. Bf4 $16) 22. fxg5
Nf5 23. Qe6 (23. Ne5 Bd6 24. Bf4 $16) 23... Qd6 (23... Rf8 24. Ne5 $16) 24. g6
$5 {Aronian liebt das effektvolle Spiel} ({Einfach und stark war dagegen} 24.
Bf4 $142 $1 Qxe6 (24... Qxf4 $2 25. Ne5 $18) 25. Rxe6 Kd7 26. Rae1 $16 {
und Weiß behält vielfältige Drohungen.} Rhe8 {Auch die Liquidation in der
e-Linie kann den Druck nicht vollständig abschütteln:} 27. R6e2 (27. g6 $6 Bg8
28. R6e2 Bf6 $14) 27... Bd6 28. Rxe8 Rxe8 29. Rxe8 Kxe8 30. Bxd6 Nxd6 31. Ne5
$16) 24... Bxg6 25. Bg5 Bxg5 $2 ({Aufmerksamer war} 25... Qxe6 26. Rxe6 Be8 {
[%cal Ye8d7]} 27. Re5 $44) 26. Nxg5 Re8 27. Qxd6+ Nxd6 28. Ne6+ Kc8 29. Nxc5
$16 {[%csl Gc5] Gegen einen solchen Idealspringer fällt das Spiel schwer.} Ra5
30. Rxe8+ Nxe8 31. d4 Bxc2 ({Auch} 31... Rb5 {kann nicht alle Probleme lösen:}
32. b4 $1 Bxc2 33. Rc1 (33. Re1) 33... Bb3 34. Nxb3 axb3 35. Rxc6+ Nc7 36. Rc3
$16) 32. Rc1 Bf5 (32... Bb3 33. Nxb3 axb3 34. Rxc6+ $16) 33. Bxd5 Kc7 (33...
cxd5 34. Nb3+ $18) 34. Bxc6 $1 $18 Nd6 (34... Kxc6 35. Nb3+ $18) 35. Bxa4 Kd8
36. Rc3 g5 37. Bc2 Bxc2 38. Rxc2 Ra7 39. Ne6+ Ke7 40. Nxg5 Kf6 41. Nf3 Kf5 42.
Kf2 Kf4 43. Nd2 Ra4 44. Nb3 Ra8 45. Nc5 1-0

[Event "Seville op"]
[Site "Seville"]
[Date "1992.??.??"]
[Round "9"]
[White "Todorcevic, Miodrag"]
[Black "Campora, Daniel Hugo"]
[Result "0-1"]
[WhiteElo "2470"]
[BlackElo "2550"]
[Annotator "Horn,Pe"]
[PlyCount "148"]
[EventDate "1992.??.??"]
[EventType "swiss"]
[EventRounds "9"]
[EventCountry "ESP"]
[SourceTitle "CBM 029"]
[Source "ChessBase"]
[SourceDate "1992.08.01"]
[SourceVersion "1"]
[SourceVersionDate "1992.08.01"]
[SourceQuality "1"]

1. Nf3 d5 2. g3 Bg4 3. Bg2 Nd7 4. d3 c6 5. Nbd2 Ngf6 6. h3 (6. O-O) 6... Bxf3
7. Nxf3 e5 8. O-O Be7 (8... Bc5 9. Nxe5 Nxe5 10. d4 Bd6 11. dxe5 Bxe5 12. Qd3
O-O $10 {Polugaevsky-Geller, URS-ch 1969}) 9. c4 dxc4 10. dxc4 O-O 11. Qc2 Re8
12. b3 Qc7 13. Bb2 Bf8 14. Rad1 (14. Rfd1 $5) 14... a5 15. a3 Bc5 16. e3 Bf8
17. h4 Nc5 18. Qf5 Qc8 (18... Nxb3 19. Bxe5 $14) 19. Qxc8 Raxc8 20. b4 axb4 21.
axb4 Ncd7 22. g4 e4 23. Nd2 Nxg4 24. Nxe4 Nde5 25. c5 Nc4 26. Bd4 f5 27. Ng3 (
27. Nd2 $14 Nxd2 28. Rxd2 Be7 29. h5 Bf6) 27... g6 28. h5 Rc7 29. Bf3 Nce5 30.
Be2 Nf6 31. Kg2 Bg7 32. hxg6 hxg6 33. Bxe5 Rxe5 34. Bc4+ Kf8 35. Ne2 {/\ Nf4} (
35. Rh1 $10) (35. Rd6 $10) 35... Nh5 36. Nd4 $6 (36. Rd6 $5 Re4 37. Nd4 (37.
Bd3 Rxb4 38. Rxg6) 37... Bxd4 38. exd4) 36... Ke7 37. Rh1 Rd7 38. Ba2 Nf6 39.
Nf3 Re4 40. Rd4 (40. Nh4 $2 Rxd1 41. Nxg6+ Ke8 42. Rxd1 Rg4+ $19) 40... Rdxd4
41. exd4 $2 (41. Nxd4 $10) 41... Nh5 42. Bb1 $2 (42. Rd1 Nf4+ 43. Kh2 (43. Kg3
Ne2+ $17) (43. Kg1 Ne2+ $17) (43. Kf1 Re2 44. Bb1 Rb2 $17) 43... Re2) 42...
Rg4+ 43. Kf1 Rf4 44. Ke2 Bxd4 45. Bxf5 Bxf2 46. Kxf2 Rxf5 47. Ke3 Nf6 48. Nd4
Re5+ 49. Kd3 g5 50. Rf1 Nd5 51. b5 cxb5 52. Nf5+ Kf6 53. Nd6+ Nf4+ 54. Kd4 Rd5+
55. Ke3 b6 56. Nxb5 bxc5 57. Ke4 Re5+ 58. Kf3 Nd5 59. Rc1 Nf4 60. Nd6 Ne6 61.
Ne4+ Ke7 62. Nd2 Rd5 63. Nc4 Kf6 64. Ke3 Kf5 65. Nb2 Re5+ 66. Kd2 g4 67. Nd3
Re4 68. Nf2 Rf4 69. Nd3 Rd4 70. Ke3 Re4+ 71. Kf2 c4 72. Nb2 Nf4 73. Nxc4 Re2+
74. Kf1 g3 0-1

[Event "Montecatini Terme"]
[Site "Montecatini Terme"]
[Date "2000.07.30"]
[Round "3"]
[White "Minasian, Artashes"]
[Black "Bareev, Evgeny"]
[Result "0-1"]
[WhiteElo "2595"]
[BlackElo "2702"]
[Annotator "Horn,Pe"]
[PlyCount "132"]
[EventDate "2000.07.28"]
[EventType "tourn"]
[EventRounds "7"]
[EventCountry "ITA"]
[EventCategory "17"]
[SourceTitle "CBM 079"]
[Source "ChessBase"]
[SourceDate "2000.11.21"]
[SourceVersion "1"]
[SourceVersionDate "2000.11.21"]
[SourceQuality "1"]

1. Nf3 {Wells} d5 2. g3 Bg4 3. Bg2 Nd7 4. O-O c6 5. d3 e5 6. h3 Bh5 7. e4 dxe4
8. dxe4 Bc5 9. Nbd2 f6 10. Nc4 $146 (10. c3 Bf7 (10... Ne7) 11. Nh4 Ne7 12. Nf5
Nxf5 13. exf5 Be7 14. Ne4 Nc5 15. Qg4 $14 {Dzindzichashvili,R-Qi Jingxuan/
Thessaloniki 1984}) (10. Qe2 Qc7 11. Nc4 Ne7 12. Ne3 O-O 13. b4 Bb6 14. Nc4 a5
15. Nxb6 Nxb6 16. c3 Bf7 {1/2-1/2 Nikolic,Z-Buljovcic,I/Igalo 1994}) 10... Nb6
11. Na5 Qc7 12. Bd2 (12. Qe1 Bf7 $5) 12... Rd8 13. Qe2 Ne7 14. b4 Bd6 15. c4 c5
{'=/+[]' Wells.} 16. Be3 (16. Nb3 {Wells} Nd7) 16... Nbc8 {'!' Wells.} (16...
cxb4 $2 17. c5 Bxc5 18. Bxc5 Qxc5 19. Nxb7 $16) (16... Nd7 $2 {Wells} 17. Rfd1
$16 {[%csl Rd6][%cal Yd1d6,Ya5b7]}) 17. Nb3 b6 {Wells: 'It is a story of
changing structure. White is ill-prepared to exploit the d5 square, and is
thus thrown on the defensive.'} 18. b5 {Wells: 'Keeps the knight out of c6 and
d4, but the c4-pawn is done no favours.' Eine verpflichtende Entscheidung. Die
natürlichen Ziele für die Springer sind d5 bzw. d4. Es wird aber einige Zeit
vergehen, bis sie dorthin gelangen können. Zumächst macht das weiße Spiel
keinen schlechteren Eindruck, da die Nc8, Ne7, Bd6 weit von ihrer Bestform
entfernt sind.} ({Ansonsten könnte das Spiel nach} 18. bxc5 Bxc5 (18... bxc5 {
Wells} 19. Rfd1 $15) 19. Bxc5 (19. Nxc5 bxc5 20. Qc2) 19... bxc5 20. Qe3 {
schnell verflachen:} Nb6 21. Qxc5 Qxc5 22. Nxc5 Rc8 $11) 18... O-O 19. Qc2 Qd7
{[%cal Rh5f3]} 20. Nh4 ({Besser gefällt mir} 20. Nfd2 $5) 20... Bc7 {[%csl Rc4]
[%cal Yc8d6,Yh5f7,Yd7e6] Schwarz setzt jetzt den Pc4 unter Druck. Das
erschwert es Weiß, sein Ziel, einen N nach d5 zu tragen, zu verwirklichen.} 21.
Rfe1 (21. Nd2 Be2 $5 {[%cal Ye2d3]}) 21... Nd6 22. Nd2 Qe6 23. a4 (23. g4 Bf7
24. Nf5 Nec8 $5) (23. Bf1) 23... Bf7 24. Bf1 g5 {'!' Wells.} 25. Nhf3 Bg6 26.
a5 h6 {Wells: 'and while white is not lost, no questions necessary about where
the initiative lies.'} (26... bxa5 $2 27. Bxc5) 27. axb6 axb6 28. Ra7 Rd7 $15 {
Ein Indiz, daß Schwarz den vollen Punkt anstrebt.} (28... Bb8 29. Ra6 Bc7 30.
Ra7 {könnte bei beiderseits friedlichen Absichten zur Punkteteilung führen.})
29. g4 h5 30. Nh2 hxg4 31. hxg4 ({Mit} 31. Nxg4 {konnte Weiß den N aktivieren;
dafür wäre der Ph3 ein Sorgenkind geblieben.}) 31... Bf7 {[%cal Ye7g6]} 32. Rc1
Ng6 33. Nb1 Rfd8 34. Ra4 ({Weiß konnte sein Ziel einen Zug früher erreichen:} 
34. Nc3 $5 {denn} Nxc4 {war nicht zu fürchten:} 35. Bxc5 bxc5 36. Nd5 Nd6 37.
Nxc7 Qb3 38. Qxb3 Bxb3 39. b6 $11) 34... Kg7 35. Nc3 Rh8 36. f3 (36. Nd5) 36...
Nf4 37. Nd5 Qe8 38. Ra7 (38. Rca1 Nxb5 $1 (38... Nxd5 39. cxd5 $11) 39. cxb5 (
39. Ra8 Nxd5 40. Rxe8 (40. exd5 Rd8 $17) 40... Nxe3 41. Qc1 Rxe8 42. Qxe3 Nd4
$15) 39... Nxd5 40. exd5 e4 $17 {[%csl Rh2]}) 38... Qd8 (38... Nxd5 39. cxd5
$11) 39. Rd1 (39. Rca1) 39... Ne6 $17 {[%cal Ye6d4] Schwarz steht vor der
Erreichung seines Ziels. Der Nd4 ist gefährlicher als der Nd5, da seine
Beseitigung die Aktivierung des schlechten Bc7 mit unangehmen Konsequenzen
nach sich zieht.} 40. Qa2 ({Bei} 40. Bg2 Nd4 41. Qa2 {war mit} N6xb5 42. cxb5
Nxb5 {zu rechnen.}) (40. Nxc7 {wäre ein Eingeständnis, schlecht zu stehen, mit
dem Versuch der Schadensbegrenzung.}) 40... Nd4 41. Rb1 $2 (41. Qf2 $142) 41...
Rh6 $2 (41... Bxd5 42. cxd5 (42. exd5 $2 e4 $19) 42... Kg6 {[%cal Rd7h7]} 43.
Be2 Rdh7 44. Nf1 c4 $1 $17) 42. Bf2 $2 (42. Ra8 $142) 42... Bxd5 $1 43. cxd5 (
43. exd5 Nc8 $19 {[%cal Re5e4]}) 43... Qh8 44. Bxd4 (44. Bg3 Nxf3+ 45. Nxf3
Rh1+ 46. Kf2 (46. Kg2 Qh3+ 47. Kf2 Nxe4+ $19) 46... Nxe4+ $19) 44... exd4 $19 {
[%csl Gc7,Rh2]} 45. Rb2 c4 ({Gekünstelt wäre} 45... Nxb5 46. Bxb5 Rxh2 47. Rxh2
Qxh2+ 48. Kf1 $17) (45... Nf7 $19) 46. e5 {Die Verstopfung der tödlichen
Diagonale c7-h2 ist nicht von langer Dauer.} (46. Ra8 Qh7 $19) 46... fxe5 47.
Bxc4 e4 {und schon ist die Diagonale wieder offen.} 48. Bf1 e3 49. Rc2 Ne8 (
49... Nxb5 50. d6 Nxa7 51. Rxc7 Rhxd6 52. Rxa7) 50. Rcxc7 Nxc7 51. Qb2 Kf7 52.
Bc4 Ke7 53. Qa3+ Rhd6 54. Qd3 Qe5 55. Nf1 e2 56. Qxe2 Qxe2 57. Bxe2 Nxd5 58.
Ra1 Nf4 59. Bd1 Rd5 60. Ng3 Rc7 61. Nf5+ Kf6 62. Bb3 Rxb5 63. Nd6 Rxb3 64. Ne8+
Ke5 65. Nxc7 d3 66. Ra2 Rc3 0-1